Statistics for Countries with the Most Irish Immigrants

Click here to take the quiz!

General Stats

  • This quiz has been taken 122 times
  • The average score is 9 of 10

Answer Stats

# of Irish ImmigrantsAnswer% Correct
132,280United States
100%
503,288United Kingdom (including Northern Ireland)
99%
9,828France
97%
33,530Canada
94%
14,651Spain
94%
101,032Australia
91%
11,373Germany
91%
9,398New Zealand
82%
13,009South Africa
53%
7,592Poland
49%

Score Distribution

Percentile by Number Answered

Percent of People with Each Score

Your Score History

You have not taken this quiz